[Event "Sombor Milicevic Memorial"]
[Site "Sombor"]
[Date "2018.10.22"]
[Round "4"]
[White "Ledjenac, Milorad"]
[Black "Grba, Ilija"]
[Result "1/2-1/2"]
[WhiteElo "2068"]
[BlackElo "1728"]
[PlyCount "121"]
[EventDate "2018.10.15"]
[EventType "swiss"]
[EventRounds "9"]
[EventCountry "SRB"]
[SourceTitle "EXT 2021"]
[Source "ChessBase"]
[SourceDate "2020.10.23"]
[SourceVersion "1"]
[SourceVersionDate "2020.10.23"]
[SourceQuality "1"]

1. d4 d5 2. Nf3 e6 3. Bg5 Nf6 4. Nbd2 Be7 5. e3 h6 6. Bh4 0-0 7. Bd3 Nc6 8. c3 Nh7 9. Bg3 Re8 10. Ne5 Nxe5 11. dxe5 c5 12. Rc1 b6 13. 0-0 Bb7 14. Qc2 Ng5 15. f4 c4 16. Be2 Ne4 17. Nxe4 dxe4 18. Bxc4 Qc7 19. Qe2 Bc5 20. b3 Red8 21. f5 Bd5 22. Bxd5 Rxd5 23. f6 g6 24. b4 Bf8 25. Rc2 Rad8 26. Rfc1 Rd3 27. h4 R8d7 28. h5 g5 29. Re1 Rxc3 30. Rec1 Rxc2 31. Rxc2 Qd8 32. Be1 Rd5 33. Bc3 Rd1+ 34. Kf2 Rb1 35. Rb2 Rxb2 36. Qxb2 b5 37. Qd2 Qc7 38. Qd4 a6 39. Ke2 Qb7 40. Kd2 Qc6 41. g4 Qa8 42. Kc2 Kh7 43. Qd7 Kg8 44. Kb3 Qb8 45. a3 Qa8 46. Bd4 a5 47. Ba7 axb4 48. axb4 Kh8 49. Qd4 Kg8 50. Kc3 Qe8 51. Qxe4 Qc8+ 52. Kb2 Qd7 53. Bc5 Bxc5 54. bxc5 Qd2+ 55. Kb3 b4 56. Qxb4 Qd5+ 57. Qc4 Qd1+ 58. Kb4 Qd7 59. Qc3 Qd8 60. Qd4 Kh7 61. Qxd8 1/2-1/2

[Event "SRB-ch sf"]
[Site "Belgrade"]
[Date "2016.03.28"]
[Round "8"]
[White "Ledjenac, Milorad"]
[Black "Velickovic, Sasa"]
[Result "0-1"]
[WhiteElo "2164"]
[BlackElo "2361"]
[PlyCount "82"]
[EventDate "2016.03.21"]
[EventType "swiss"]
[EventRounds "9"]
[EventCountry "SRB"]
[SourceTitle "CBM 171 Extra"]
[Source "ChessBase"]
[SourceDate "2016.04.26"]
[SourceVersion "1"]
[SourceVersionDate "2016.04.26"]
[SourceQuality "1"]

1. d4 Nf6 2. c4 c5 3. d5 e6 4. Nc3 exd5 5. cxd5 d6 6. e4 g6 7. Nf3 Bg7 8. Bg5 0-0 9. Nd2 a6 10. a4 Nbd7 11. Be2 Re8 12. 0-0 Qc7 13. Qc2 Rb8 14. a5 b5 15. axb6 Rxb6 16. Ra2 Nb8 17. Bf4 Bf8 18. Nc4 Rb4 19. Bg3 Nfd7 20. f4 Nb6 21. b3 Bg7 22. Bd3 N8d7 23. Be1 Nxc4 24. bxc4 Rb8 25. h3 Qb6 26. Bd2 Qb3 27. Rb1 Qxc2 28. Bxc2 Rxb1+ 29. Nxb1 Bd4+ 30. Kh2 Nb6 31. Bd3 f5 32. exf5 Bxf5 33. Bxf5 gxf5 34. Rc2 Re2 35. Kg3 a5 36. Rc1 a4 37. Ba5 Nd7 38. Nc3 Re3+ 39. Kh4 Bf6+ 40. Kh5 Be7 41. Rc2 Rg3 0-1

[Event "SRB-ch sf"]
[Site "Belgrade"]
[Date "2016.03.22"]
[Round "2"]
[White "Ledjenac, Milorad"]
[Black "Savicevic, Vlatko"]
[Result "0-1"]
[WhiteElo "2164"]
[BlackElo "2319"]
[PlyCount "68"]
[EventDate "2016.03.21"]
[EventType "swiss"]
[EventRounds "9"]
[EventCountry "SRB"]
[SourceTitle "CBM 171 Extra"]
[Source "ChessBase"]
[SourceDate "2016.04.26"]
[SourceVersion "1"]
[SourceVersionDate "2016.04.26"]
[SourceQuality "1"]

1. d4 d5 2. Nf3 Nf6 3. g3 e6 4. Bg2 Be7 5. 0-0 b5 6. Ne5 Bb7 7. c4 bxc4 8. Qa4+ Nfd7 9. Nd2 c6 10. Ndf3 0-0 11. Bd2 c5 12. Ba5 Qc8 13. e3 Nb6 14. Qc2 f6 15. Ng4 Nc6 16. Bxb6 axb6 17. h4 Kh8 18. Bh3 Qc7 19. a3 b5 20. h5 e5 21. Rfd1 e4 22. Ne1 f5 23. Ne5 Nxe5 24. dxe5 Qxe5 25. Ng2 d4 26. exd4 cxd4 27. Qd2 Rad8 28. Re1 Bc5 29. Qf4 Qxf4 30. gxf4 Rd6 31. Rec1 Rh6 32. a4 Rxh5 33. Kh2 g5 34. fxg5 Bd6+ 0-1